Qiuz - Nazwij stacji Metra Kijowa na linii M2 - Statystyki

Ogólne statystyki
  • Ten quiz został rozwiązany 6 razy
  • Średni wynik to 5 z 18
Statystyki odpowiedzi
Linia Nazwa stacji % Poprawnych
M2 Obołoń
67%
M2 Poczajna
67%
M2 Teremky
67%
M2 Demijowska
33%
M2 Ipodrom
33%
M2 Łybidska
33%
M2 Mińska
33%
M2 Olimpijska
33%
M2 Pałac "Ukraina"
33%
M2 Płac Kontraktowy
33%
M2 Płac Posztowy
33%
M2 Tarasa Szewczenka
33%
M2 Wasylkiwska
33%
M2 Herojów Dniepra
0%
M2 Hołosyjiwska
0%
M2 Majdan Niezależności
0%
M2 Pałac Ukraińskich Herojów
0%
M2 Wystawkowy centrum
0%
Nie znaleziono quizów pasujących do podanych kryteriów
Rozkład punktacji
Procent ludzi z każdym wynikiem
Percentyl według liczby udzielonych odpowiedzi
Twoja historia wyników
Nie rozwiązałeś tego quizu